| 000 | 00533nam a22002057a 4500 | ||
|---|---|---|---|
| 003 | OSt | ||
| 008 | 260505b |||||||| |||| 00| 0 eng d | ||
| 082 |
_a633.11 _bS48R |
||
| 100 | _aSingh, Sunil Kumar. | ||
| 245 |
_aResponse of Wheat Varieties to Seed Rates and Fertility Levels / _cby Sunil Kumar Singh |
||
| 260 |
_a.- Pusa, Samastipur _b: RAU _c, 1996 |
||
| 300 | _a123p. | ||
| 502 |
_bPh. D. _d1996 |
||
| 650 | _aAgronomy | ||
| 650 | _aSeeds | ||
| 650 | _aWheat | ||
| 650 | _aThesis | ||
| 650 | _aPh. D. | ||
| 942 |
_2ddc _cT |
||
| 999 |
_c50438 _d50438 |
||